Christian understandings of the future : (Record no. 10406)

MARC details
000 -LEADER
fixed length control field 02475cam a2200337Ii 4500
001 - CONTROL NUMBER
control field 951227297
003 - CONTROL NUMBER IDENTIFIER
control field OCoLC
005 - DATE AND TIME OF LATEST TRANSACTION
control field 20241126110731.0
008 - FIXED-LENGTH DATA ELEMENTS--GENERAL INFORMATION
fixed length control field 160606s2016 mnu b 001 0 eng d
020 ## - INTERNATIONAL STANDARD BOOK NUMBER
International Standard Book Number 1451484577
020 ## - INTERNATIONAL STANDARD BOOK NUMBER
International Standard Book Number 9781451484571
035 ## - SYSTEM CONTROL NUMBER
System control number (OCoLC)951227297
040 ## - CATALOGING SOURCE
Original cataloging agency YDXCP
Language of cataloging eng
Description conventions rda
Transcribing agency YDXCP
Modifying agency BTCTA
-- BDX
-- TEF
-- LTS
-- OCLCO
-- LNT
-- OCLCO
050 ## -
-- BT819.5
-- .F79 2016
082 ## - DEWEY DECIMAL CLASSIFICATION NUMBER
Classification number 236
Item number FRY
100 1# - MAIN ENTRY--PERSONAL NAME
Personal name Frykholm, Amy Johnson,
Dates associated with a name 1971-
9 (RLIN) 18083
245 10 - TITLE STATEMENT
Title Christian understandings of the future :
Remainder of title the historical trajectory /
Statement of responsibility, etc. Amy Frykholm
264 #1 - PRODUCTION, PUBLICATION, DISTRIBUTION, MANUFACTURE, AND COPYRIGHT NOTICE
Place of production, publication, distribution, manufacture Minneapolis :
Name of producer, publisher, distributor, manufacturer Fortress Press,
Date of production, publication, distribution, manufacture, or copyright notice [2016]
300 ## - PHYSICAL DESCRIPTION
Extent 366 pages ;
Dimensions 22 cm
336 ## - CONTENT TYPE
Content type term text
Source rdacontent
337 ## - MEDIA TYPE
Media type term unmediated
Source rdamedia
338 ## - CARRIER TYPE
Carrier type term volume
Source rdacarrier
490 1# - SERIES STATEMENT
Series statement Christian understandings
504 ## - BIBLIOGRAPHY, ETC. NOTE
Bibliography, etc. note Includes bibliographical references (page 349) and index
505 0# - FORMATTED CONTENTS NOTE
Formatted contents note Christian futures: an introduction -- Part I. Origins. Prophecies and riddles: Jewish prophetic and apocalyptic traditions -- Parables and resurrection: already and not yet in the Jesus tradition -- Seeds and sheafs: the eschatology of the Apostle Paul -- Alpha and omega: the book of Revelation -- Part II. Historical developments. Martyrs: early Christianity -- Time: Origen -- Patriae: Augustine of Hippo -- Legends: Pseudo-Methodius and the Antichrist -- Sketches: Gregory the Great -- Songs: Celtic sources -- Polemics: Bernard and Hildegard -- Patterns: Joachim of Fiore -- Circles: Dante Alighieri -- Visions: Julian of Norwich and the Black Plague -- Maps: Christopher Columbus -- Urgency: Martin Luther -- Taxonomies: Isaac Newton and John Donne -- Anxieties: John Calvin, Increase Mather, and Second Advent theologians -- Images: virgins of the apocalypse -- Liberation: eschatology and enslaved Africans in North America -- Jeremiads: Jonathan Edwards and the American republic -- Utopies: postmillennial America -- Charts: prophecy belief 1850-1950 -- Part III. Contemporary challenges. Theories: from Albert Schweitzer to Karl Rahner -- Protests: from Martin Luther King Jr. to Leymah Gbowee -- Clocks: the atomic age -- Failures: the limits of Christian futures -- Questions: science and Christian eschatology -- Towardness
650 #0 - SUBJECT ADDED ENTRY--TOPICAL TERM
Topical term or geographic name entry element Eschatology
General subdivision History of doctrines
9 (RLIN) 18084
650 #0 - SUBJECT ADDED ENTRY--TOPICAL TERM
Topical term or geographic name entry element Future, The
General subdivision Religious aspects
9 (RLIN) 18085
650 #0 - SUBJECT ADDED ENTRY--TOPICAL TERM
Topical term or geographic name entry element Apocalyptic literature
General subdivision History and criticism
9 (RLIN) 16305
830 #0 -
-- Christian understandings
-- 18027
942 ## - ADDED ENTRY ELEMENTS (KOHA)
Source of classification or shelving scheme Dewey Decimal Classification
Koha item type Books
Holdings
Withdrawn status Lost status Source of classification or shelving scheme Damaged status Not for loan Home library Current Library Shelving location Date acquired Total checkouts Full call number Barcode Date last seen Copy number Price effective from Koha item type
    Dewey Decimal Classification     GRACE BIBLE COLLEGE GRACE BIBLE COLLEGE Theology 2024-07-15   236 FRY 020789 2025-05-01 c.1 2024-07-15 Books
© Grace Bible College Library 2025